[Event "AUT-chT2S 9596"]
[Site "Austria"]
[Date "1995.??.??"]
[Round "?"]
[White "Regenfelder, Reinhard"]
[Black "Waldmann, Gerald"]
[Result "1/2-1/2"]
[WhiteElo "2100"]
[BlackElo "2175"]
[PlyCount "29"]
[EventDate "1995.??.??"]
[EventType "team-tourn"]
[EventRounds "11"]
[EventCountry "AUT"]
[SourceTitle "EXT 1999"]
[Source "ChessBase"]
[SourceDate "1998.11.16"]
[SourceVersion "1"]
[SourceVersionDate "1998.11.16"]
[SourceQuality "1"]

1. d4 d5 2. c4 c6 3. Nf3 Nf6 4. Nc3 e6 5. a3 Nbd7 6. Qc2 Bd6 7. e4 dxe4 8. Nxe4 Nxe4 9. Qxe4 Nf6 10. Qc2 0-0 11. Bd3 h6 12. 0-0 c5 13. dxc5 Bxc5 14. b4 Be7 15. Bb2 1/2-1/2